Your beginning with God: (Record no. 12723)

000 -LEADER
fixed length control field 00587nam a2200193 a 4500
001 - CONTROL NUMBER
control field :::00010537$&:&@@
003 - CONTROL NUMBER IDENTIFIER
control field OkBaRHE
005 - DATE AND TIME OF LATEST TRANSACTION
control field 20000607103359.0
008 - FIXED-LENGTH DATA ELEMENTS--GENERAL INFORMATION
fixed length control field s1982 j 000 0 eng u
040 ## - CATALOGING SOURCE
Transcribing agency
100 1# - MAIN ENTRY--PERSONAL NAME
Personal name Norman, Dwayne.
245 10 - TITLE STATEMENT
Title Your beginning with God:
Remainder of title a guide for new believers.
260 ## - PUBLICATION, DISTRIBUTION, ETC. (IMPRINT)
Place of publication, distribution, etc Orlando, FL., :
Name of publisher, distributor, etc Dwayne Norman
Date of publication, distribution, etc c1982
300 ## - PHYSICAL DESCRIPTION
Extent 31 p. ;
Dimensions 18 cm.
650 ## - SUBJECT ADDED ENTRY--TOPICAL TERM
Topical term or geographic name as entry element Christian Life
650 ## - SUBJECT ADDED ENTRY--TOPICAL TERM
Topical term or geographic name as entry element Holy Spirit Baptism
942 ## - ADDED ENTRY ELEMENTS (KOHA)
Source of classification or shelving scheme
Koha item type Books
Copies
Copy number Barcode Permanent Location Lost status Date acquired Damaged status Price effective from Source of classification or shelving scheme Full call number Date last seen Shelving location Not for loan Withdrawn status Koha item type
110537RHEMA Bible Training College 2010-04-14 2010-04-14 BV 4501 .N62010-04-14General Stacks  Books